01686nam a2200397 a 4500001001000000003000500010005001700015008004100032010001100073011001100084040000900095090001000104100002600114245014500140260004100285500006000326502013000386590004100516590004100557590003700598590004000635590004000675650003200715650003300747650004400780650003800824650003200862856001600894856007000910901000700980942001000987942000600997999001901003952013101022952013501153000113528CHAP20220329144359.0170731s2016 mx sm |||||||spa d a109989 a110961 cCHAP aTesis1 aAudate, Eder.913285410aDiagnóstico nutrimental de tres sistemasagroforestales de coffea arabica L. bajo sombra Veracruz, Méxicoh[En línea]cpor Eder Audate. aChapingo, Méx. :bEl autor,c2016. aPara ver el contenido del material haga clic en la liga aTesis (M.C. en Agroforestería para el Desarrollo Sostenible) -- UACH. Departamento de Enseñanza Investigación en Suelos aBATCH-UPDb00c20190821lUCH01h1439 aBATCH-UPDb00c20190821lUCH01h1439 aBATCHb00c20181121lUCH01h0758 aE5765TAJb05c20170731lUCH01h1215 aE5765TAJb05c20170731lUCH01h121514aCaféxRendimiento.91719614aDiagnóstico foliar.93239414aFertilizantesxEfecto en café.94048414aSombraxEfecto en café.910853714aSuelosxAnálisis.9110204 a1 n0000599 aFinding aiduhttp://10.13.5.2/tesis/sist113528.pdfzTeclea aquí aBK cTESIS n0 c109989d109989 00104054718TESISaBCbBCd2017-07-31fTESISl0oTesisp113529-10r2019-12-31 00:00:00w2019-12-31yTESISzRecien adquirido 00102local4053708TESISaBCbBCcPA_TESISd2017-07-31fTESISl0oTesisp113529-20r2019-12-31 00:00:00tc.2w2019-12-31yTESIS